Parallel computing in science and engineering : 4th International DFVLR Seminar on Foundations of Engineering Sciences, Bonn, Federal Republic of Germany, June 25/26, 1987 /

Bibliographic Details
Corporate Authors: International DFVLR Seminar on Foundations of Engineering Sciences Bonn, Germany, Deutsche Forschungs- und Versuchsanstalt für Luft- und Raumfahrt
Other Authors: Dierstein, Rüdiger, Müller-Wichards, D. (Dieter), 1946-, Wacker, H.-M. (Hans-Martin), 1935-
Format: Conference Proceeding Book
Language:English
Published: Berlin ; New York : Springer-Verlag, [1988]
Series:DFVLR seminar series.
Lecture notes in computer science ; 295.
Subjects:

MARC

Tag First Indicator Second Indicator Subfields
LEADER 00000cam a22000008a 4500
001 in00000025981
005 20151007055748.0
008 880512s1988 wb a b 10010 eng
010 |a  88015090  
020 |a 0387189238 (U.S.) 
035 |a (OCoLC)17952173 
035 |9 AAB9193AM 
040 |a DLC  |c DLC  |d TXA  |d UtOrBLW 
049 |a TXAM  |c [A12595220] 
050 0 0 |a QA76.5  |b .I549 1987 
082 0 |a 004/.35  |2 19 
111 2 |a International DFVLR Seminar on Foundations of Engineering Sciences  |n (4th :  |d 1987 :  |c Bonn, Germany) 
245 1 0 |a Parallel computing in science and engineering :  |b 4th International DFVLR Seminar on Foundations of Engineering Sciences, Bonn, Federal Republic of Germany, June 25/26, 1987 /  |c R. Dierstein, D. Müller- Wichards, H.-M. Wacker, eds. 
263 |a 8805 
264 1 |a Berlin ;  |a New York :  |b Springer-Verlag,  |c [1988] 
264 4 |c ©1988 
300 |a 185 pages :  |b illustrations ;  |c 25 cm. 
336 |a text  |b txt  |2 rdacontent 
337 |a unmediated  |b n  |2 rdamedia 
338 |a volume  |b nc  |2 rdacarrier 
490 1 |a DFVLR seminar series 
490 1 |a Lecture notes in computer science ;  |v 295 
504 |a Includes bibliographies. 
650 0 |a Parallel processing (Electronic computers)  |v Congresses. 
650 0 |a Science  |x Data processing  |v Congresses. 
650 0 |a Engineering  |x Data processing  |v Congresses. 
700 1 |a Dierstein, Rüdiger. 
700 1 |a Müller-Wichards, D.  |q (Dieter),  |d 1946- 
700 1 |a Wacker, H.-M.  |q (Hans-Martin),  |d 1935- 
710 2 |a Deutsche Forschungs- und Versuchsanstalt für Luft- und Raumfahrt. 
830 0 |a DFVLR seminar series. 
830 0 |a Lecture notes in computer science ;  |v 295. 
999 |a MARS 
999 f f |s 2f3462d7-d084-36c1-b1d6-d06d1c03ccff  |i ec4a093d-4594-3dc9-a8b6-92897c1e890e  |t 0 
952 f f |p ric  |a Texas A&M University  |b Rellis Campus  |c Joint Library Facility  |d Remote Storage  |t 0  |e QA76.5 .I549 1987  |h Library of Congress classification  |i unmediated -- volume  |m A14812595220 
998 f f |a QA76.5 .I549 1987  |t 0  |l Remote Storage